Reasoning/ (Record no. 11070)
[ view plain ]
| 000 -LEADER | |
|---|---|
| fixed length control field | 00514nam a22001577a 4500 |
| 008 - FIXED-LENGTH DATA ELEMENTS--GENERAL INFORMATION | |
| fixed length control field | 160223b xxu||||| |||| 00| 0 eng d |
| 020 ## - INTERNATIONAL STANDARD BOOK NUMBER | |
| International Standard Book Number | 013767294 |
| 050 ## - LIBRARY OF CONGRESS CALL NUMBER | |
| Classification number | BC 177 .P56 1993 |
| 100 ## - MAIN ENTRY--PERSONAL NAME | |
| Personal name | Pinto, Robert C. |
| 245 ## - TITLE STATEMENT | |
| Title | Reasoning/ |
| Remainder of title | a practical guide/ |
| Statement of responsibility, etc. | Robert C. Pinto and J. Anthony Blair |
| 260 ## - PUBLICATION, DISTRIBUTION, ETC. (IMPRINT) | |
| Place of publication, distribution, etc. | Englewood Cliffs, N.J.: |
| Name of publisher, distributor, etc. | Prentice Hall, |
| Date of publication, distribution, etc. | 1993. |
| 300 ## - PHYSICAL DESCRIPTION | |
| Extent | iv, 136p.; |
| Dimensions | 28 cm. |
| 650 ## - SUBJECT ADDED ENTRY--TOPICAL TERM | |
| Topical term or geographic name as entry element | Reasoning |
| 700 ## - ADDED ENTRY--PERSONAL NAME | |
| Personal name | Blair, J. Anthony |
| 942 ## - ADDED ENTRY ELEMENTS (KOHA) | |
| Source of classification or shelving scheme | |
| Koha item type | Hard Covered Materials |
| Classification part | BC 177 .P56 1993 |
| Koha issues (borrowed), all copies | 1 |
| Withdrawn status | Lost status | Source of classification or shelving scheme | Damaged status | Not for loan | Home library | Current library | Shelving location | Date acquired | Total Checkouts | Full call number | Barcode | Date last seen | Date last checked out | Price effective from | Koha item type |
|---|---|---|---|---|---|---|---|---|---|---|---|---|---|---|---|
| MACHAKOS UNIVERSITY LIBRARY | MACHAKOS UNIVERSITY LIBRARY | Open shelf | 23/02/2016 | 2 | BC 177 .P56 1993 | 20613 | 26/10/2022 | 18/10/2022 | 23/02/2016 | Hard Covered Materials |